[Event "IND-ch U13 Girls 29th"]
[Site "Gurgaon"]
[Date "2015.08.31"]
[Round "2"]
[White "Indulekha, KS."]
[Black "Mishra, Anisha"]
[Result "0-1"]
[WhiteElo "1447"]
[BlackElo "1726"]
[PlyCount "96"]
[EventDate "2015.08.30"]
[EventType "swiss"]
[EventRounds "11"]
[EventCountry "IND"]
[SourceTitle "EXT 2016"]
[Source "ChessBase"]
[SourceDate "2015.10.08"]
[SourceVersion "1"]
[SourceVersionDate "2015.10.08"]
[SourceQuality "1"]

1. e4 e5 2. Nf3 Nc6 3. Nc3 Nf6 4. d4 exd4 5. Nxd4 Bb4 6. Nxc6 bxc6 7. Bd3 0-0 8. 0-0 Re8 9. Bg5 h6 10. Bh4 a5 11. Re1 d6 12. a3 Bc5 13. Qf3 Bd4 14. Rab1 g5 15. e5 Bxe5 16. Qxc6 Bd7 17. Qc4 gxh4 18. Qxh4 Kg7 19. Ne2 Ng4 20. Qxd8 Raxd8 21. h3 Nf6 22. f4 Rb8 23. fxe5 Rxe5 24. Rf1 Rg5 25. Rf2 d5 26. Rbf1 Rb6 27. Kh2 c5 28. b3 a4 29. b4 cxb4 30. axb4 Be8 31. c3 Re5 32. Nd4 Ne4 33. Rf5 Rxf5 34. Nxf5+ Kf8 35. Rc1 Rf6 36. Nd4 Rf2 37. c4 Rd2 38. Bxe4 dxe4 39. Nc2 Ke7 40. b5 Kd6 41. Kg1 Kc5 42. Ne3 a3 43. Nc2 a2 44. Na3 e3 45. Kf1 e2+ 46. Ke1 Rd1+ 47. Rxd1 exd1Q+ 48. Kxd1 a1Q+ 0-1